000 00629nam a22001937a 4500
005 20251108173026.0
008 250721s2002 xx 000 0 ara d
082 1 4 _a332.7/ز
100 1 _aالزبيدي، حمزة محمود
_eمؤلف
245 1 0 _aإدارة الإئتمان المصرفي والتحليل الإئتماني /
264 1 _aعمان :
_bدار الوراق للنشر والتوزيع،
_c2002.
300 _a250ص
650 1 7 _aإدارة الأعمال
650 1 7 _aالإدراة المالية
650 1 7 _aالإقتراض
650 1 7 _aالتسليف
942 _2ddc
_cBK
999 _c94330
_d94330